| 000 | 01023cam a22003253u 4500 | ||
|---|---|---|---|
| 001 | 9755046 | ||
| 003 | OSt | ||
| 005 | 20220110155334.0 | ||
| 006 | m d | ||
| 007 | cr n | ||
| 008 | 121015s2008 ||||||||s|||||||| ||||| d | ||
| 020 | _a9780199261789 | ||
| 035 | _a(WaSeSS)ssib010785563 | ||
| 038 | _akhadija | ||
| 040 |
_aWaSeSS _cWaSeSS _dWaSeSS |
||
| 082 |
_a333.794 _bREN |
||
| 100 |
_a Boyle Godfrey _987729 |
||
| 210 | 1 | 0 | _aRenewable Energy |
| 245 | 0 | 0 |
_aRenewable Energy / _c Godfrey Boyle |
| 250 | _a2nd | ||
| 260 |
_a New York _bOxford University Press _c2004. |
||
| 300 | _ap452 | ||
| 500 | _aTitle from content provider. | ||
| 506 | _aLicense restrictions may limit access. | ||
| 563 | _aPB | ||
| 773 | 0 | _tDOE Scientific and Technical Information (STI) | |
| 856 | 4 | 0 |
_uhttp://www.columbia.edu/cgi-bin/cul/resolve?clio9755046 _zFull text available from DOE Scientific and Technical Information (STI) |
| 910 | _aSerials Solutions supplemental brief record | ||
| 942 |
_2ddc _cBK |
||
| 999 |
_c32986 _d32986 |
||